| 000 | 00987cac a22002411u 4500 | ||
|---|---|---|---|
| 090 | _c5954 | ||
| 008 | 081222t 1997xxu||||| |||| 00| 0 eng d | ||
| 010 | _a 96024713 | ||
| 020 | _a 0471055921 (acid-free paper) | ||
| 082 | 0 | 0 |
_a657.0285 _bWIL |
| 100 | _aWilkinson, Joseph W. | ||
| 245 | 1 | 0 |
_aAccounting information systems : _bessential concepts and applications / _cJoseph W. Wilkinson, Michael J. Cerullo. |
| 250 | _a3rd ed. | ||
| 260 |
_aNew York : _bJ. Wiley, _cc1997. |
||
| 260 | _bDistributer: Al-Ahram | ||
| 300 |
_avii, 984 p. : _bill. (some col.) ; _c26 cm. |
||
| 504 | _aIncludes bibliographical references (p. 972-975) and index. | ||
| 650 | 0 |
_aAccounting _xData processing. |
|
| 650 | 0 | _aManagement information systems. | |
| 700 | 1 |
_aCerullo, Michael J. _q(Michael Joseph), _d1940- |
|
| 942 |
_cBB _k657.0285WIL _2ddc |
||
| 999 |
_c5954 _d5954 |
||